| 000 | 00857nam2a22002051 4500 | ||
|---|---|---|---|
| 001 | rc\697905 | ||
| 005 | 20250621222748.0 | ||
| 035 | _a(NLR Aleph) 005954617 | ||
| 090 |
_a6795104 _c6795104 |
||
| 100 | _a20031121d1985 |||y0rusy50 ca | ||
| 101 | 0 | _arus | |
| 102 | _aRU | ||
| 105 | _ay ||||||||| | ||
| 200 | 1 |
_aСолдатская слава _eКрат. очерки о подвигах свердловчан - полных кавалеров ордена Славы _f[Сост. В.М. Демидов] |
|
| 461 | 0 |
_1001rc\697904 _12001#$aСолдатская слава$e2 кн. в футляре$v[1] _96795097 _cСвердловск _d1985 _nСред.-Урал. кн. изд-во _o2 кн. в футляре _tСолдатская слава _v[1] |
|
| 801 | 0 |
_aRU _bNLR _gpsbo |
|
| 801 | 1 |
_aRU _bELAR _2rusmarc |
|
| 852 |
_aNLR _j85-1/162 |
||
| 942 | _cBOOK | ||
| 980 | _aNB | ||